| 000 | 00442nam a2200181Ia 4500 | ||
|---|---|---|---|
| 001 | 16728 | ||
| 005 | 20260306170332.0 | ||
| 008 | 260306t1999||||xx |||||||||||||| ||und|| | ||
| 041 | _aESP | ||
| 082 |
_a349.715C _bB53 |
||
| 100 |
_aBiblioteca de Autores Cristianos _eAUT |
||
| 245 | 0 | _aCódigo de derecho canónico | |
| 260 | _c1999 | ||
| 300 |
_a1142 páginas : _c20 cm. |
||
| 650 | _aGEN | ||
| 654 | _aCDE | ||
| 942 |
_cLIB _dJUS _fJUS _2ddc _n |
||
| 999 |
_c16728 _d16728 |
||